000 00842nam0a22002891 4500
001 RU\NLR\A1SV\108898
005 20251203171251.9
035 _a(NLR Aleph) 009790251
090 _a10133449
_c10133449
100 _a20101119d1926 u y0rusy50 ca
101 1 _arus
_cfre
102 _aRU
200 1 _aДети Каина
_d(Les enfants de Cain)
_e[Очерки]
_fЛуи Рубо. Louis Roubaud
_gПер. с фр. О.К.Нечаевой
210 _aЛ.
_cМысль
_d1926
215 _a142 с.
_d18 см
620 _dСанкт-Петербург
700 1 _aРубо
_bЛ.
_f1884-
_gЛуи
702 1 _aНечаева
_bО.К.
801 0 _aRU
_bNLR
_c20101119
852 _aNLR
_jЛ 60 В-3/623
852 _aNLR
_j25/323
899 _aРГБ
899 _aКирОУНБ
942 _cBOOK
980 _aNB
980 _aA1SV